NBA Players Drafted from High School - Statistics

General Stats
  • This quiz has been taken 10,459 times
    10,457 since last reset
  • The average score is 6 of 42
Answer Stats
Year Name % Correct
2003 LeBron James
93%
1996 Kobe Bryant
79%
1995 Kevin Garnett
54%
2004 Dwight Howard
51%
2001 Kwame Brown
31%
2004 Josh Smith
24%
2004 J.R. Smith
24%
1999 Leon Smith
24%
1997 Tracy McGrady
23%
1996 Jermaine O'Neal
19%
2005 Amir Johnson
18%
2002 Amar'e Stoudemire
13%
2005 Louis Williams
12%
2005 Andrew Bynum
11%
2001 Tyson Chandler
11%
2001 Eddy Curry
9%
2005 Monta Ellis
9%
2005 Gerald Green
8%
2005 C.J. Miles
7%
2000 Darius Miles
7%
1975 Darryl Dawkins
7%
2004 Sebastian Telfair
7%
2003 Kendrick Perkins
6%
2004 Shaun Livingston
6%
2004 Al Jefferson
5%
1998 Rashard Lewis
5%
1998 Al Harrington
4%
1999 Jonathan Bender
4%
1998 Korleone Young
4%
2004 Robert Swift
4%
2001 DeSagana Diop
3%
2000 DeShawn Stevenson
3%
2004 Dorell Wright
3%
2005 Martell Webster
3%
2005 Andray Blatche
2%
1975 Bill Willoughby
2%
2003 James Lang
2%
2003 Ndudi Ebi
2%
2001 Ousmane Cisse
2%
1962 Reggie Harding
2%
2003 Travis Outlaw
2%
2005 Ricky Sanchez
1%
No matching quizzes found
Score Distribution
Percent of People with Each Score
Percentile by Number Answered
Your Score History
You have not taken this quiz since the last reset